Sistema automático para la medición de los parametros eléctricos de pares telefónicos en las centrales telefónicas del I.C.E. en San Pedro

Salvato in:
Dettagli Bibliografici
Autore principale: Meseguer Armijo, Edgar Antonio
Altri autori: Rojas carvajal, Guillermo
Natura: Tesi Libro
Pubblicazione: [San José , Costa Rica] 1992
Tags: Aggiungi Tag
Nessun Tag, puoi essere il primo ad aggiungerne!!

MARC

LEADER 00000nam a2200000Ia 4500
003 005592
005 20221231144318.0
008 140114s1992 cr a m 000 ||s d
040 |c cru CEDI 
090 |a TFG 2697 
100 |a Meseguer Armijo, Edgar Antonio  |9 5693 
245 |a Sistema automático para la medición de los parametros eléctricos de pares telefónicos en las centrales telefónicas del I.C.E. en San Pedro 
260 |c 1992  |a [San José , Costa Rica] 
300 |a 40[63]hojas :ilustraciones a color 
500 |a Proyecto de graduación (licenciatura en ingeniería eléctrica)--Universidad de Costa Rica. Facultad de Ingeniería. Escuela de Ingeniería Eléctrica 
502 |a Escuela de ingenieria Electrica 
700 |9 12207  |a Rojas carvajal, Guillermo  
942 |c TFG  |2 ddc 
999 |c 19992  |d 19992